[Event "Kiel Cup U18"]
[Site "Kiel"]
[Date "2008.10.17"]
[Round "5.24"]
[White "Lietz, Malte"]
[Black "Dieball, Anna"]
[Result "0-1"]
[WhiteElo "754"]
[BlackElo "774"]
[PlyCount "101"]
[EventDate "2008.10.16"]
[EventType "team-swiss"]
[EventRounds "7"]
[EventCountry "GER"]
[SourceTitle "EXT 2011"]
[Source "ChessBase"]
[SourceDate "2010.11.26"]
[SourceVersion "1"]
[SourceVersionDate "2010.11.26"]
[SourceQuality "1"]

1. e4 e5 2. Nf3 Nc6 3. Bc4 h6 4. Nc3 Bb4 5. a3 Bxc3 6. dxc3 Nf6 7. Bd3 d6 8. b4 Bg4 9. h3 Bxf3 10. Qxf3 0-0 11. Qg3 Nh5 12. Qg4 Nf4 13. g3 Nxd3+ 14. cxd3 Qf6 15. 0-0 g5 16. f4 Qg7 17. fxg5 hxg5 18. Bxg5 f6 19. Bxf6 Qxg4 20. hxg4 Kf7 21. Bxe5+ Ke6 22. Rxf8 Rxf8 23. Bg7 Rg8 24. Bh6 Rxg4 25. Kf2 Ne5 26. d4 Nd3+ 27. Kf3 Rg6 28. Bd2 d5 29. exd5+ Kxd5 30. a4 b6 31. a5 b5 32. a6 Rf6+ 33. Bf4 Kc4 34. Ra3 Nb2 35. Kg2 c6 36. Bb8 Rf7 37. g4 Nd1 38. g5 Rg7 39. Kf3 Nxc3 40. Kf4 Kxd4 41. Kf5 Nd5 42. Ke6 Rxg5 43. Bxa7+ Ke4 44. Bb8 Nxb4 45. a7 Rg6+ 46. Kd7 Rg7+ 47. Kc8 Rxa7 48. Rxa7 c5 49. Rc7 Kd4 50. Ba7 Nc6 51. Rd7+ 0-1

[Event "Kiel Cup U18"]
[Site "Kiel"]
[Date "2008.10.16"]
[Round "1.14"]
[White "Lietz, Malte"]
[Black "Jeschke, Tobias"]
[Result "0-1"]
[WhiteElo "754"]
[BlackElo "1284"]
[PlyCount "78"]
[EventDate "2008.10.16"]
[EventType "team-swiss"]
[EventRounds "7"]
[EventCountry "GER"]
[SourceTitle "EXT 2011"]
[Source "ChessBase"]
[SourceDate "2010.11.26"]
[SourceVersion "1"]
[SourceVersionDate "2010.11.26"]
[SourceQuality "1"]

1. e4 e5 2. Nf3 Nc6 3. Bc4 Nf6 4. Nc3 Bc5 5. Ng5 d5 6. exd5 Na5 7. Bd3 Ng4 8. 0-0 Qxg5 9. Ne4 Qe7 10. Be2 Nf6 11. Nxf6+ Qxf6 12. Bg4 Bd6 13. d3 b6 14. Be6 Bxe6 15. dxe6 Qxe6 16. c3 0-0 17. b4 Nc6 18. Ba3 Ne7 19. c4 c5 20. bxc5 Bxc5 21. Bxc5 bxc5 22. Rb1 Qc6 23. Qh5 Ng6 24. Rfe1 Rfe8 25. Re2 Nf4 26. Qg4 h5 27. Qf3 Qxf3 28. gxf3 Nxe2+ 29. Kh1 Nf4 30. Rg1 h4 31. Rg4 h3 32. Rg3 Rab8 33. Rg1 Nxd3 34. Rf1 Rb2 35. Rd1 Nxf2+ 36. Kg1 Nxd1 37. Kf1 Ne3+ 38. Ke1 Rd8 39. f4 Rd1# 0-1

[Event "Schleswig Holstein-ch U12"]
[Site "Neumuenster"]
[Date "2008.03.26"]
[Round "1"]
[White "Powierski, Emil"]
[Black "Lietz, Malte"]
[Result "1-0"]
[WhiteElo "1622"]
[BlackElo "769"]
[PlyCount "39"]
[EventDate "2008.03.26"]
[EventType "swiss"]
[EventRounds "9"]
[EventCountry "GER"]
[SourceTitle "EXT 2009"]
[Source "ChessBase"]
[SourceDate "2008.11.26"]
[SourceVersion "1"]
[SourceVersionDate "2008.11.26"]
[SourceQuality "1"]

1. e4 e5 2. Nf3 Nc6 3. Bb5 a6 4. Ba4 b5 5. Bb3 Nf6 6. 0-0 Nxe4 7. Re1 Bc5 8. Rxe4 d6 9. d4 Nxd4 10. Nxd4 Bxd4 11. Qxd4 0-0 12. Qd1 Qf6 13. Nc3 Qg6 14. Re3 Bg4 15. Qd3 e4 16. Qxe4 Rae8 17. Qxe8 c5 18. Nd5 c4 19. Ne7+ Kh8 20. Qxf8# 1-0